MARC

LEADER 00000nam0a2200000 4500
001 288454
005 20231102000105.0
035 |a (RuTPU)RU\TPU\book\312924 
090 |a 288454 
100 |a 20150325d1985 k y0rusy50 ca 
101 0 |a rus 
102 |a GE 
105 |a a z 001zy 
200 1 |a Обзор гиппарионовых фаун Кавказа  |f Г. К. Меладзе  |g Академия наук Грузинской ССР (АН ГрузССР), Институт палеобиологии 
210 |a Тбилиси  |c Мецниереба  |d 1985 
215 |a 75 с.  |c ил. 
320 |a Библиогр.: с. 64-72 
320 |a Объяснения к таблицам : с. 73-75 
606 1 |a Гиппарионы  |2 stltpush  |3 (RuTPU)RU\TPU\subj\7238  |9 34945 
610 1 |a гиппарионовая фауна 
610 1 |a Кавказ 
610 1 |a перигамические признаки 
610 1 |a систематика 
610 1 |a экогенез 
610 1 |a относительная геохронология 
610 1 |a местонахождение 
675 |a 569.72  |v 4 
700 1 |a Меладзе  |b Г. К.  |g Гурам Карлович 
712 0 2 |a Академия наук Грузинской ССР (АН ГрузССР)  |b Институт палеобиологии  |c (Тбилиси)  |2 stltpush  |3 (RuTPU)RU\TPU\col\21435 
801 1 |a RU  |b 63413507  |c 20150325 
801 2 |a RU  |b 63413507  |c 20171129  |g RCR 
942 |c BK